[Event "CoshCh"]
[Site "?"]
[Date "1984.??.??"]
[Round "?"]
[White "Carter, Anthony FC"]
[Black "Brameld, Arthur F"]
[Result "1-0"]
[WhiteElo "2030"]
[BlackElo "2220"]
[PlyCount "127"]
[EventDate "1984.??.??"]
[EventType "swiss"]

1. c4 e5 2. Nc3 Nc6 3. g3 g6 4. Bg2 Bg7 5. Nf3 d6 6. O-O Be6 7. d3 h6 8. Bd2 Qd7 9. Rb1 Nge7 10. b4 O-O 11. e3 f5 12. Qe2 Rae8 13. Rfc1 g5 14. b5 Nd8 15. Rf1 f4 16. Ne1 Bh3 17. f3 Bxg2 18. Qxg2 Ne6 19. e4 fxg3 20. hxg3 Rf7 21. Qh3 Ng6 22. Nd5 c6 23. bxc6 Qxc6 24. Kg2 Qa4 25. Nc3 Qa6 26. Nc2 Nc5 27. Nb4 Qa5 28. Nb5 Bf8 29. Be3 Qa4 30. Nc3 Qa3 31. Nb5 Qa4 32. Rfd1 a6 33. Nc3 Qa5 34. Ncd5 Bg7 35. Qh5 Re6 36. Rd2 Qd8 37. Rdb2 Qe8 38. Bxc5 dxc5 39. Nc2 Rd7 40. Qh3 Nf8 41. Nce3 Qf7 42. Rb3 b5 43. cxb5 axb5 44. Rxb5 Ra6 45. R1b2 Rda7 46. Nf5 Kh7 47. Nc3 Qd7 48. Nxg7 Qxh3+ 49. Kxh3 Kxg7 50. Rxc5 Ne6 51. Rxe5 Kf6 52. Reb5 Ra3 53. Nd5+ Kg6 54. Rb6 Kf7 55. Rb7+ Rxb7 56. Rxb7+ Kg6 57. Rb6 Kf7 58. Nb4 h5 59. Kg2 Ra4 60. Kf2 Nd4 61. f4 g4 62. f5 Kg7 63. f6+ Kf7 64. e5 1-0

[Event "CoshCh"]
[Site "?"]
[Date "1984.??.??"]
[Round "?"]
[White "Brameld, Arthur F"]
[Black "Carter, Anthony FC"]
[Result "1-0"]
[WhiteElo "2220"]
[BlackElo "2030"]
[PlyCount "49"]
[EventDate "1984.??.??"]
[EventType "swiss"]

1. d4 Nf6 2. c4 e6 3. Nc3 d5 4. Bg5 Nbd7 5. cxd5 exd5 6. e3 c6 7. Bd3 Be7 8. Nf3 Ne4 9. Bxe7 Qxe7 10. Qc2 f5 11. O-O-O O-O 12. h4 b6 13. Ng5 Bb7 14. g4 h6 15. gxf5 hxg5 16. Nxe4 dxe4 17. Bc4+ Rf7 18. hxg5 Qxg5 19. Bxf7+ Kxf7 20. Qc4+ Ke8 21. Qe6+ Qe7 22. Rdg1 Rb8 23. Rxg7 Qxe6 24. fxe6 Nf8 25. Rh8 1-0

[Event "CoshClub"]
[Site "?"]
[Date "1984.??.??"]
[Round "?"]
[White "Crossin, Austin D"]
[Black "Brameld, Arthur F"]
[Result "0-1"]
[WhiteElo "1845"]
[BlackElo "2220"]
[PlyCount "110"]
[EventDate "1984.??.??"]
[EventType "simul"]
[EventRounds "2"]

1. d4 c5 2. e3 b6 3. c3 e6 4. Bd3 Bb7 5. Nf3 f5 6. O-O Nf6 7. Nbd2 Be7 8. Ne5 O-O 9. Bc2 Nc6 10. Ndf3 Qe8 11. Re1 Nxe5 12. Nxe5 d6 13. Ba4 b5 14. Bb3 dxe5 15. Bxe6+ Kh8 16. dxe5 Qc6 17. f3 Qxe6 18. exf6 Bxf6 19. e4 fxe4 20. fxe4 Be5 21. Qe2 Qd6 22. Qh5 g6 23. Qh4 Bf6 24. Bg5 Qe5 25. Bxf6+ Rxf6 26. Rad1 Bc6 27. Rf1 Raf8 28. Rxf6 Qxf6 29. Qxf6+ Rxf6 30. e5 Re6 31. Rd8+ Kg7 32. Rc8 Kh6 33. Rc7 a6 34. Kf2 Bd5 35. Rxc5 Rxe5 36. b3 Rf5+ 37. Kg3 Be4 38. Rxf5 gxf5 39. Kf4 Kg6 40. g4 Bb1 41. gxf5+ Bxf5 42. a3 Be6 43. b4 Bc4 44. Ke5 Kg5 45. Kd6 Kh4 46. Kc6 Kh3 47. Kb6 Kxh2 48. Kxa6 Kg3 49. Kb6 h5 50. Kc5 h4 51. a4 Be2 52. a5 Bf3 53. a6 h3 54. Kxb5 h2 55. c4 h1=Q 0-1

[Event "CoshCh"]
[Site "?"]
[Date "1984.??.??"]
[Round "?"]
[White "Brameld, Arthur F"]
[Black "Train, Geoff"]
[Result "1-0"]
[WhiteElo "2220"]
[BlackElo "1775"]
[PlyCount "87"]
[EventDate "1984.??.??"]
[EventType "swiss"]

1. e4 e5 2. f4 exf4 3. Nf3 d5 4. exd5 Nf6 5. Bb5+ Bd7 6. Bxd7+ Nbxd7 7. O-O Be7 8. c4 h6 9. d4 g5 10. Re1 O-O 11. h4 Nh7 12. Nc3 Ndf6 13. hxg5 hxg5 14. Qd3 Bb4 15. Bd2 Bxc3 16. bxc3 Qd6 17. Qf5 Qd7 18. Re5 Qxf5 19. Rxf5 Ne4 20. Re5 f5 21. Be1 Rae8 22. Rb1 b6 23. Rb3 Kg7 24. Nd2 Kg6 25. Nxe4 fxe4 26. a4 Nf6 27. a5 Nd7 28. Re6+ Kf5 29. Rc6 bxa5 30. Rb5 a4 31. d6+ Kg4 32. Rxc7 f3 33. Rxd7 f2+ 34. Bxf2 e3 35. Re7 exf2+ 36. Kf1 Rd8 37. Re4+ Kh5 38. Ree5 Rxd6 39. Rxg5+ Kh6 40. Rh5+ Kg6 41. Rbg5+ Kf7 42. Rf5+ Ke8 43. Rxf8+ Kxf8 44. Ra5 1-0

[Event "Ports Lge"]
[Site "?"]
[Date "1984.??.??"]
[Round "?"]
[White "Baillie, J."]
[Black "Brameld, Arthur F"]
[Result "0-1"]
[WhiteElo "2140"]
[BlackElo "2220"]
[PlyCount "68"]
[EventDate "1984.??.??"]
[EventType "swiss"]

1. Nf3 g6 2. g3 Bg7 3. Bg2 e5 4. d3 Nc6 5. c4 d6 6. Nc3 h6 7. O-O Be6 8. Rb1 Qd7 9. Re1 Nge7 10. b4 O-O 11. Nd2 f5 12. b5 Nd8 13. Qc2 f4 14. Nde4 fxg3 15. hxg3 Bh3 16. Bh1 Ne6 17. e3 Rf7 18. Ba3 Raf8 19. Rb2 b6 20. Qd1 h5 21. Rd2 Nf5 22. Kh2 Nh6 23. Kxh3 Nf4+ 24. Kh2 Ng4+ 25. Kg1 Nh3+ 26. Kg2 Ngxf2 27. Qc2 Qg4 28. Kh2 Nxh1 29. Rxh1 Rf3 30. Nd1 Bh6 31. Re1 h4 32. Rg2 hxg3+ 33. Nxg3 Qh4 34. d4 Rxg3 0-1

[Event "Ports Lge"]
[Site "?"]
[Date "1984.??.??"]
[Round "?"]
[White "Brameld, Arthur F"]
[Black "Goddard, Jonathan"]
[Result "1-0"]
[WhiteElo "2220"]
[BlackElo "2095"]
[PlyCount "60"]
[EventDate "1984.??.??"]
[EventType "swiss"]

1. e4 Nf6 2. e5 Nd5 3. d4 d6 4. Nf3 Bg4 5. h3 Bh5 6. g4 Bg6 7. e6 fxe6 8. Ng5 Qd7 9. Bd3 Bxd3 10. Qxd3 Nf6 11. Qb3 Qc6 12. O-O Na6 13. Qxe6 Qd5 14. c4 Qxe6 15. Nxe6 Kd7 16. Re1 Nb4 17. Na3 Nd3 18. Re3 Nxc1 19. Rxc1 c6 20. b4 g6 21. b5 cxb5 22. Nxb5 a6 23. Nc3 h6 24. Na4 Rb8 25. Rce1 Rh7 26. d5 b5 27. cxb5 axb5 28. Nb6+ Ke8 29. Rc3 b4 30. Rc4 Nd7 1-0

[Event "CoshCh"]
[Site "?"]
[Date "1984.??.??"]
[Round "?"]
[White "Abercrombie, Forbes"]
[Black "Brameld, Arthur F"]
[Result "0-1"]
[WhiteElo "1800"]
[BlackElo "2220"]
[PlyCount "100"]
[EventDate "1984.??.??"]
[EventType "swiss"]

1. e4 Nf6 2. e5 Nd5 3. c4 Nb6 4. c5 Nd5 5. Bc4 e6 6. Nc3 Nxc3 7. dxc3 b6 8. cxb6 axb6 9. Nf3 Ba6 10. Bxa6 Rxa6 11. O-O Nc6 12. Qe2 Qa8 13. b4 Ra4 14. a3 Be7 15. Rd1 d5 16. exd6 cxd6 17. Bb2 O-O 18. c4 e5 19. Nd2 f5 20. Nb1 Ra7 21. Nc3 Nd4 22. Qd3 f4 23. f3 Nf5 24. Nd5 Qc6 25. Qe4 Qb7 26. Rd2 Ne3 27. Rd3 Nxd5 28. Qxd5+ Qxd5 29. Rxd5 Rc8 30. Rc1 Rac7 31. c5 bxc5 32. bxc5 Kf7 33. a4 Ke6 34. Rcd1 Rxc5 35. R5d2 Ra5 36. Ba3 Rc6 37. Rb1 Rxa4 38. Bc1 Rac4 39. Ba3 Rc3 40. Bb4 Rc1+ 41. Rxc1 Rxc1+ 42. Kf2 Rh1 43. h3 Rb1 44. Ba3 Rb3 45. Bb2 Bd8 46. Kf1 Bb6 47. Rc2 Bc5 48. Rd2 g5 49. Rc2 h5 50. Rd2 Kf5 0-1

[Event "Ports Lge"]
[Site "?"]
[Date "1984.??.??"]
[Round "?"]
[White "Brameld, Arthur F"]
[Black "Oswald, Graeme"]
[Result "0-1"]
[WhiteElo "2220"]
[BlackElo "2110"]
[PlyCount "108"]
[EventDate "1984.??.??"]
[EventType "swiss"]

1. e4 c5 2. Nf3 d6 3. d4 cxd4 4. Qxd4 Bg4 5. Bb5+ Nc6 6. Nc3 Qd7 7. Qd3 a6 8. Bxc6 Qxc6 9. Nd4 Qc7 10. Nd5 Qd8 11. Qb3 b5 12. a4 bxa4 13. Qb7 Rc8 14. Nc6 Qd7 15. Na5 Nf6 16. Qxa6 Nxe4 17. Nb6 Qc7 18. Nxc8 Bxc8 19. Qc6+ Qxc6 20. Nxc6 Nc5 21. Be3 Kd7 22. Na5 g6 23. Bd4 Rg8 24. Bxc5 dxc5 25. Rxa4 Bg7 26. c3 Kc7 27. Nb3 Kb6 28. O-O Be6 29. Na5 Rd8 30. Rfa1 Rd2 31. Nc4+ Bxc4 32. Rxc4 Rxb2 33. g4 Kb5 34. Re4 Bxc3 35. Rxe7 Rb4 36. Rc1 Rxg4+ 37. Kf1 Bd4 38. Rxf7 h5 39. h3 Rh4 40. Kg2 Re4 41. Rf8 Re2 42. Kf1 Ra2 43. Kg2 Kc6 44. Kg3 Kd5 45. f3 Bf2+ 46. Kf4 Ra4+ 47. Kg5 Be3+ 48. Kxg6 Bxc1 49. Rf5+ Kd4 50. Rxh5 c4 51. Rh8 Ra6+ 52. Kf5 Rc6 53. Rd8+ Ke3 54. Rd1 Bd2 0-1

[Event "ColeCup"]
[Site "?"]
[Date "1984.??.??"]
[Round "?"]
[White "Brameld, Arthur F"]
[Black "Goddard, Jonathan"]
[Result "1-0"]
[WhiteElo "2220"]
[BlackElo "2095"]
[PlyCount "87"]
[EventDate "1984.??.??"]
[EventType "simul"]
[EventRounds "4"]

1. e4 e6 2. d4 d5 3. Nc3 Bb4 4. Nge2 dxe4 5. a3 Be7 6. Nxe4 Nd7 7. N2g3 Ngf6 8. Bd3 b6 9. Qe2 Bb7 10. Bf4 Nxe4 11. Nxe4 Nf6 12. Be5 Nxe4 13. Bxe4 Bxe4 14. Qxe4 O-O 15. O-O-O Rc8 16. d5 exd5 17. Rxd5 Qe8 18. Re1 Bc5 19. Qg4 f6 20. Rd7 Qg6 21. Qxg6 hxg6 22. Bxc7 Rfe8 23. Rxe8+ Rxe8 24. Bg3 a6 25. b4 Bf8 26. Bd6 Re6 27. Bxf8 Kxf8 28. a4 Re1+ 29. Kb2 Re2 30. Rd6 Ke7 31. Rxb6 Rxf2 32. Rxa6 Rxg2 33. Ra7+ Kd6 34. Rxg7 f5 35. a5 f4 36. a6 Re2 37. a7 Re8 38. Rxg6+ Ke5 39. Ra6 Ra8 40. Kc1 f3 41. Kd2 Ke4 42. Ra3 Rd8+ 43. Ke1 Ra8 44. b5 1-0

[Event "Ports Lge"]
[Site "?"]
[Date "1984.??.??"]
[Round "?"]
[White "Pye, David E"]
[Black "Brameld, Arthur F"]
[Result "0-1"]
[WhiteElo "2040"]
[BlackElo "2220"]
[PlyCount "54"]
[EventDate "1984.??.??"]
[EventType "swiss"]

1. e4 Nf6 2. Nc3 d5 3. e5 Ne4 4. d4 Nxc3 5. bxc3 c5 6. Nf3 Bg4 7. a4 Nc6 8. Bb5 e6 9. Ba3 Qc7 10. O-O Be7 11. Rb1 O-O 12. Bxc6 Qxc6 13. dxc5 Qxa4 14. Qd4 Qxa3 15. Qxg4 Rab8 16. c6 bxc6 17. Ra1 Qxc3 18. Rxa7 Bc5 19. Raa1 Rb4 20. Qh5 h6 21. Rac1 Re4 22. Rfe1 Rxe1+ 23. Nxe1 Bxf2+ 24. Kf1 Bxe1 25. Rxe1 Qxc2 26. Kg1 Qc5+ 27. Kh1 Qf2 0-1

[Event "CoshCh"]
[Site "?"]
[Date "1985.??.??"]
[Round "?"]
[White "Bulbeck, Steve"]
[Black "Brameld, Arthur F"]
[Result "0-1"]
[WhiteElo "2635"]
[BlackElo "2220"]
[PlyCount "54"]
[EventDate "1985.??.??"]
[EventType "swiss"]

1. c4 e5 2. g3 Nc6 3. Nc3 g6 4. Bg2 Bg7 5. Nf3 d6 6. O-O Be6 7. d3 h6 8. a3 f5 9. e3 Nge7 10. Qc2 O-O 11. b4 Qd7 12. Bb2 Rae8 13. Ne2 g5 14. Qd2 Ng6 15. b5 Nd8 16. d4 Bxc4 17. a4 e4 18. Ne1 f4 19. exf4 gxf4 20. f3 exf3 21. Bxf3 fxg3 22. hxg3 Rxf3 23. Nxf3 Rxe2 24. Qxe2 Bxe2 25. Rf2 Bxf3 26. Rxf3 Qg4 27. Kg2 Nh4+ 0-1

[Event "Ports Lge"]
[Site "?"]
[Date "1985.??.??"]
[Round "?"]
[White "Wheeler, John F"]
[Black "Brameld, Arthur F"]
[Result "1/2-1/2"]
[WhiteElo "2095"]
[BlackElo "2220"]
[PlyCount "82"]
[EventDate "1985.??.??"]
[EventType "swiss"]

1. d4 d5 2. c4 e6 3. Nc3 c5 4. e3 Nf6 5. Nf3 Nc6 6. Bd3 Be7 7. O-O a6 8. b3 dxc4 9. bxc4 cxd4 10. exd4 Nxd4 11. Nxd4 Qxd4 12. Bb2 Qh4 13. h3 Bd7 14. Re1 Bc6 15. Qc2 Qg5 16. Ne4 Nxe4 17. Bxe4 Rd8 18. Bxc6+ bxc6 19. Qe4 O-O 20. Qxc6 Qd2 21. Rab1 Qa5 22. Qf3 Rb8 23. Bc3 Bb4 24. Rxb4 Rxb4 25. Qg4 g6 26. Qd4 e5 27. Rxe5 Rb1+ 28. Kh2 Qc7 29. f4 f6 30. Re6 Qd8 31. Rd6 Qe7 32. c5 Rb5 33. a4 Rb3 34. Rxa6 Ra3 35. Rd6 Ra2 36. Rd7 Qe6 37. a5 Qc6 38. Bd2 Rc2 39. Qd5+ Qxd5 40. Rxd5 Rc8 41. Be3 Ra8 1/2-1/2

[Event "CoshCh"]
[Site "?"]
[Date "1985.??.??"]
[Round "?"]
[White "Brameld, Arthur F"]
[Black "Baker, A."]
[Result "1-0"]
[WhiteElo "2220"]
[BlackElo "1640"]
[PlyCount "81"]
[EventDate "1985.??.??"]
[EventType "swiss"]

1. e4 e5 2. f4 d5 3. exd5 e4 4. Nc3 Nf6 5. Qe2 Bf5 6. h3 Qe7 7. Qb5+ c6 8. dxc6 Nxc6 9. Qxf5 Nd4 10. Bb5+ Kd8 11. Qe5 Nxc2+ 12. Kd1 Nxa1 13. b3 Qxe5 14. fxe5 Nd7 15. Bxd7 Kxd7 16. Bb2 Nxb3 17. axb3 e3 18. d4 Bb4 19. Nge2 Rac8 20. Rf1 Rhf8 21. Rf3 f6 22. exf6 Rxf6 23. Rxf6 gxf6 24. Nd5 Be7 25. Nxe3 Rc6 26. d5 Rb6 27. Kc2 Ke8 28. Ng3 Kf7 29. Ngf5 Rb5 30. g4 Rc5+ 31. Kd3 Rc8 32. Nc4 Rd8 33. Ke4 b6 34. d6 Bf8 35. Kd5 Rc8 36. Bd4 b5 37. Na5 b4 38. Nc6 a5 39. d7 Rxc6 40. Kxc6 Be7 41. Nxe7 1-0

[Event "Ports Lge"]
[Site "?"]
[Date "1985.??.??"]
[Round "?"]
[White "Brameld, Arthur F"]
[Black "McEvoy, Pat"]
[Result "1-0"]
[WhiteElo "2220"]
[BlackElo "1960"]
[PlyCount "105"]
[EventDate "1985.??.??"]
[EventType "swiss"]

1. e4 c5 2. Nf3 g6 3. d4 cxd4 4. Qxd4 Nf6 5. e5 Nc6 6. Qe3 Ng4 7. Qe4 Ngxe5 8. Nxe5 Qa5+ 9. Bd2 Qxe5 10. Qxe5 Nxe5 11. Bc3 f6 12. Na3 a6 13. f4 Nc6 14. Nc4 b5 15. Nb6 Rb8 16. Nxc8 Rxc8 17. Bd3 d5 18. a4 Rb8 19. axb5 axb5 20. Ra6 Kd7 21. O-O b4 22. Bd2 Bh6 23. c4 bxc3 24. Bxc3 Nb4 25. Ra7+ Kd6 26. Bb1 Rhc8 27. Re1 Nc6 28. Ra4 Ra8 29. Rxa8 Rxa8 30. g3 e5 31. Bd2 Ra1 32. Kg2 e4 33. b4 Ra8 34. b5 Nb8 35. Rc1 Ra7 36. Bb4+ Ke6 37. b6 Rb7 38. Ba5 Na6 39. Rc6+ Ke7 40. Ba2 Rd7 41. b7 Rxb7 42. Rxa6 Rb2+ 43. Kf1 d4 44. Bb6 d3 45. Bd4 Rxh2 46. Bb3 g5 47. Re6+ Kd7 48. Rxe4 gxf4 49. gxf4 f5 50. Re3 d2 51. Rd3 Bxf4 52. Bg1+ Ke7 53. Bxh2 1-0

[Event "Ports Lge"]
[Site "?"]
[Date "1985.??.??"]
[Round "?"]
[White "Silber, Warwick"]
[Black "Brameld, Arthur F"]
[Result "0-1"]
[WhiteElo "1855"]
[BlackElo "2220"]
[PlyCount "108"]
[EventDate "1985.??.??"]
[EventType "swiss"]

1. e4 Nf6 2. e5 Nd5 3. Qf3 e6 4. c3 c5 5. Bc4 Nb6 6. Bb3 d6 7. exd6 Bxd6 8. Qg4 Qf6 9. Nf3 Nc6 10. d3 e5 11. Qg5 Bf5 12. Qxf6 gxf6 13. O-O Bxd3 14. Rd1 e4 15. Nfd2 Be5 16. Na3 Na5 17. Re1 Nxb3 18. axb3 O-O-O 19. g3 f5 20. Ndc4 Nxc4 21. Nxc4 Bb8 22. Be3 b6 23. Nd2 Rhg8 24. f4 Kb7 25. Nc4 Bxc4 26. bxc4 Rd3 27. Kf2 Rgd8 28. Ke2 R8d7 29. Red1 Rxd1 30. Rxd1 Rxd1 31. Kxd1 Bd6 32. Kc2 Kc6 33. Kb3 a6 34. h3 h5 35. Bf2 b5 36. Be3 Be7 37. h4 b4 38. Bd2 a5 39. Kc2 a4 40. Bc1 Bf6 41. Bd2 a3 42. bxa3 bxc3 43. Be1 Bd4 44. Kb3 Bg1 45. Kxc3 e3 46. Kd3 Bf2 47. Bxf2 exf2 48. Ke2 Kb6 49. Kxf2 Ka5 50. Ke3 Ka4 51. Kd2 Kxa3 52. Kc3 Ka4 53. Kc2 Kb4 54. Kd3 f6 0-1

[Event "RNCC"]
[Site "?"]
[Date "1985.??.??"]
[Round "1"]
[White "Brameld, Arthur F"]
[Black "Stoppard, Brian"]
[Result "0-1"]
[WhiteElo "2220"]
[BlackElo "1790"]
[PlyCount "120"]
[EventDate "1985.??.??"]
[EventType "simul"]
[EventRounds "7"]

1. e4 c5 2. Nf3 Nc6 3. b4 e5 4. b5 Nd4 5. Bc4 d6 6. c3 Nxf3+ 7. Qxf3 Nf6 8. h3 g6 9. d3 Bg7 10. O-O O-O 11. a4 b6 12. Na3 Qe7 13. Bd2 Be6 14. Rfb1 Nd7 15. Bxe6 Qxe6 16. g4 Nf6 17. c4 h5 18. g5 Nh7 19. Ra2 f6 20. gxf6 Rxf6 21. Qg2 Raf8 22. Be3 Rf3 23. Kh2 g5 24. Rg1 Bh6 25. Re2 Qf6 26. Nc2 Kh8 27. Ne1 g4 28. Bxh6 Qxh6 29. Nxf3 gxf3 30. Qg3 fxe2 31. Re1 Qd2 32. Rg1 Qf4 33. Re1 Qxf2+ 34. Qxf2 Rxf2+ 35. Kg3 Rf4 36. Rxe2 Ng5 37. a5 h4+ 38. Kg2 Rf3 39. axb6 axb6 40. Ra2 Rg3+ 41. Kf1 Nxh3 42. Ra6 Nf4 43. Rxb6 h3 44. Rxd6 Kg7 45. Rd7+ Kg6 46. Rd8 h2 47. Rh8 Nh3 48. Rg8+ Kf7 49. Rxg3 h1=Q+ 50. Ke2 Qh2+ 51. Kf3 Ng1+ 52. Kg4 Qf2 53. Rxg1 Qxg1+ 54. Kf5 Qd4 55. b6 Qd6 56. b7 Ke7 57. d4 exd4 58. e5 Qc7 59. b8=Q Qxb8 60. Ke4 Ke6 0-1

[Event "RNCC"]
[Site "?"]
[Date "1985.??.??"]
[Round "3"]
[White "Bradley, C."]
[Black "Brameld, Arthur F"]
[Result "0-1"]
[WhiteElo "2680"]
[BlackElo "2220"]
[PlyCount "96"]
[EventDate "1985.??.??"]
[EventType "simul"]
[EventRounds "7"]

1. Nf3 g6 2. e3 Bg7 3. c3 e5 4. d4 e4 5. Nfd2 f5 6. Na3 Ne7 7. h4 h6 8. g4 d5 9. g5 hxg5 10. h5 g4 11. c4 c6 12. cxd5 cxd5 13. b4 gxh5 14. Qa4+ Bd7 15. Bb5 a6 16. Bxd7+ Qxd7 17. Qb3 b5 18. Nab1 Nbc6 19. a4 bxa4 20. Rxa4 Kf7 21. b5 axb5 22. Rxa8 Rxa8 23. Rxh5 Kg6 24. Rh1 b4 25. Nf1 Qa7 26. Nfd2 Qa2 27. Qd1 Na5 28. Kf1 Rc8 29. Kg2 b3 30. Ba3 Bf6 31. Bc5 Nc4 32. Qxb3 Qxb3 33. Nxb3 Rb8 34. N1d2 Nxd2 35. Nxd2 Rb2 36. Nf1 Nc6 37. Bd6 Nxd4 38. Bf4 Ne2 39. Ng3 Nxf4+ 40. exf4 Bd4 41. Rd1 Bxf2 42. Nf1 Bb6+ 43. Kg3 Rb3+ 44. Kg2 Bc7 45. Rxd5 Bxf4 46. Kf2 Rb2+ 47. Ke1 g3 48. Rd8 g2 0-1

[Event "RNCC"]
[Site "?"]
[Date "1985.??.??"]
[Round "4"]
[White "Davies, Owen"]
[Black "Brameld, Arthur F"]
[Result "0-1"]
[WhiteElo "2850"]
[BlackElo "2220"]
[PlyCount "76"]
[EventDate "1985.??.??"]
[EventType "simul"]
[EventRounds "7"]

1. d4 f5 2. g3 g6 3. Bg2 Bg7 4. e3 Nf6 5. c4 d6 6. Nc3 c6 7. d5 e5 8. dxc6 bxc6 9. Nge2 O-O 10. O-O Be6 11. b3 d5 12. cxd5 Nxd5 13. e4 Nxc3 14. Nxc3 f4 15. Bb2 Qf6 16. Qf3 g5 17. Ne2 g4 18. Qxf4 exf4 19. Bxf6 Bxf6 20. Nxf4 Bxa1 21. Nxe6 Be5 22. Nxf8 Kxf8 23. f4 Bd4+ 24. Kh1 Na6 25. Rc1 c5 26. e5 Rb8 27. Bf1 Nb4 28. a3 Nd5 29. Bc4 Ne3 30. b4 cxb4 31. axb4 Rc8 32. h3 Rxc4 33. Rxc4 Nxc4 34. hxg4 Nxe5 35. fxe5 a6 36. Kg2 Bxe5 37. Kf3 Bd6 38. Ke3 Bxb4 0-1

[Event "RNCC"]
[Site "?"]
[Date "1985.??.??"]
[Round "5"]
[White "Brameld, Arthur F"]
[Black "Luffman, Robert C"]
[Result "1-0"]
[WhiteElo "2220"]
[BlackElo "1780"]
[PlyCount "61"]
[EventDate "1985.??.??"]
[EventType "simul"]
[EventRounds "7"]

1. e4 e5 2. Nf3 Nf6 3. Nc3 Nc6 4. d4 exd4 5. Nd5 Nb4 6. Nxf6+ Qxf6 7. a3 Nc6 8. Bc4 Ne5 9. Nxe5 Qxe5 10. Qf3 f6 11. Bf4 Qc5 12. Qb3 Kd8 13. O-O-O Bd6 14. Bg3 Bxg3 15. hxg3 Qe5 16. Bg8 h6 17. f4 Qe8 18. Bf7 Qe7 19. Rxd4 d6 20. Rhd1 Rf8 21. Bh5 b6 22. Bf3 Rb8 23. Kb1 Bb7 24. Qc3 Qe6 25. e5 fxe5 26. fxe5 Qxe5 27. Rxd6+ Qxd6 28. Rxd6+ cxd6 29. Qxg7 Re8 30. Bxb7 Re7 31. Qf8+ 1-0

[Event "RNCC"]
[Site "?"]
[Date "1985.??.??"]
[Round "6"]
[White "Parkin, Brian"]
[Black "Brameld, Arthur F"]
[Result "1/2-1/2"]
[WhiteElo "1735"]
[BlackElo "2220"]
[PlyCount "128"]
[EventDate "1985.??.??"]
[EventType "simul"]
[EventRounds "7"]

1. e4 Nf6 2. Nc3 d5 3. e5 Ne4 4. d4 Nxc3 5. bxc3 c5 6. Nf3 Bg4 7. Be2 e6 8. O-O Be7 9. Bf4 Nc6 10. Qd2 Qa5 11. Rfd1 cxd4 12. cxd4 Qxd2 13. Rxd2 Bb4 14. Rdd1 Bxf3 15. Bxf3 Bc3 16. Rab1 Nxd4 17. Rd3 Nxf3+ 18. Rxf3 d4 19. Rxb7 O-O 20. Rd3 Rfb8 21. Rb3 a5 22. Rd1 a4 23. Rbb1 Bb2 24. Kf1 a3 25. Bc1 Ra4 26. Ke2 f6 27. f4 fxe5 28. fxe5 Rc4 29. Rd2 Rb5 30. Kd1 Rcb4 31. Rd3 Rxe5 32. Bxb2 Rf5 33. Ke2 Re5+ 34. Kd2 Rxb2 35. Rxb2 axb2 36. Rb3 Rh5 37. h3 Rg5 38. g4 h5 39. Rxb2 hxg4 40. hxg4 Rxg4 41. a4 e5 42. a5 e4 43. a6 Rg2+ 44. Kd1 Rg1+ 45. Kd2 Ra1 46. Rb8+ Kh7 47. Re8 d3 48. cxd3 exd3 49. Re6 Ra3 50. Rd6 g6 51. Rd7+ Kh6 52. a7 Kh5 53. Ke3 g5 54. Kf2 d2 55. Rxd2 Rxa7 56. Rd1 Kh4 57. Rh1+ Kg4 58. Rg1+ Kf4 59. Rf1 Ra2+ 60. Kg1+ Kg3 61. Rc1 Ra3 62. Rd1 g4 63. Rc1 Kh3 64. Rd1 Rg3+ 1/2-1/2

[Event "RNCC"]
[Site "?"]
[Date "1985.??.??"]
[Round "7"]
[White "Shiel, Brian"]
[Black "Brameld, Arthur F"]
[Result "1/2-1/2"]
[WhiteElo "2780"]
[BlackElo "2220"]
[PlyCount "89"]
[EventDate "1985.??.??"]
[EventType "simul"]
[EventRounds "7"]

1. d4 Nf6 2. Bg5 c5 3. Bxf6 exf6 4. c4 cxd4 5. Qxd4 Nc6 6. Qd1 Bb4+ 7. Nd2 d5 8. e3 O-O 9. a3 Bxd2+ 10. Qxd2 dxc4 11. Qxd8 Rxd8 12. Bxc4 Ne5 13. Be2 Bf5 14. Nf3 Rac8 15. Nd4 Nd3+ 16. Bxd3 Bxd3 17. Kd2 Be4 18. f3 Bd5 19. Rac1 b6 20. Rxc8 Rxc8 21. Rc1 Rxc1 22. Kxc1 Kf8 23. b4 g6 24. Kc2 f5 25. h4 Ke7 26. g3 a6 27. f4 Kd6 28. Kc3 Bg2 29. Nb3 Kd5 30. Nd2 f6 31. Kd3 h6 32. Kc3 g5 33. Kd3 g4 34. Kc3 Bf3 35. Kd3 Bd1 36. Kc3 Be2 37. Kb3 h5 38. Kc3 a5 39. Kb3 Kc6 40. Kc3 Kb5 41. Nb3 Bf3 42. bxa5 bxa5 43. Nd4+ Ka4 44. Kb2 Be4 45. Ne2 1/2-1/2

[Event "ColeCup"]
[Site "?"]
[Date "1985.??.??"]
[Round "?"]
[White "Peters, A John"]
[Black "Brameld, Arthur F"]
[Result "0-1"]
[WhiteElo "1880"]
[BlackElo "2220"]
[PlyCount "68"]
[EventDate "1985.??.??"]
[EventType "simul"]
[EventRounds "2"]

1. d4 c5 2. e3 b6 3. Nf3 Bb7 4. g3 e6 5. Bg2 f5 6. O-O Nf6 7. c4 Be7 8. Nc3 Ne4 9. Qc2 Nxc3 10. Qxc3 O-O 11. b3 Be4 12. Bb2 Bf6 13. Rfd1 Qc7 14. Qd2 Na6 15. Rac1 Rad8 16. Ne1 Bxg2 17. Nxg2 g5 18. d5 e5 19. f4 Rde8 20. Re1 d6 21. a3 Qg7 22. fxe5 Bxe5 23. Bxe5 Qxe5 24. Qc3 Qe4 25. Rc2 Nb8 26. Rf2 Nd7 27. Ref1 Ne5 28. h4 h6 29. Qc2 Nf3+ 30. Kh1 Qxc2 31. Rxc2 g4 32. Rc3 Nd2 33. Rd1 Ne4 34. Kh2 Nxc3 0-1

[Event "Ports Lge"]
[Site "?"]
[Date "1985.??.??"]
[Round "?"]
[White "Brameld, Arthur F"]
[Black "Wheeler, John F"]
[Result "1-0"]
[WhiteElo "2220"]
[BlackElo "2095"]
[PlyCount "63"]
[EventDate "1985.??.??"]
[EventType "swiss"]

1. e4 d6 2. d4 Nf6 3. Nc3 g6 4. f4 Bg7 5. Bd3 O-O 6. Nf3 Nc6 7. O-O Bg4 8. e5 dxe5 9. dxe5 Nd5 10. h3 Nxc3 11. bxc3 Bf5 12. Bxf5 gxf5 13. Ba3 Qxd1 14. Raxd1 Rfd8 15. Nd4 Nxd4 16. cxd4 e6 17. c4 c6 18. Bd6 b5 19. c5 a5 20. Rf3 Rd7 21. g4 Kh8 22. Kf2 Rg8 23. gxf5 exf5 24. Rg3 Bh6 25. Rxg8+ Kxg8 26. Rg1+ Kh8 27. d5 cxd5 28. c6 Ra7 29. c7 Ra8 30. Be7 Bg7 31. Rd1 Rc8 32. Rxd5 1-0

[Event "CoshCh"]
[Site "?"]
[Date "1985.??.??"]
[Round "?"]
[White "Bryan, Colin"]
[Black "Brameld, Arthur F"]
[Result "0-1"]
[WhiteElo "1885"]
[BlackElo "2220"]
[PlyCount "150"]
[EventDate "1985.??.??"]
[EventType "swiss"]

1. d4 c5 2. Nf3 cxd4 3. Nxd4 d5 4. g3 e5 5. Nb3 Nc6 6. Bg2 Be6 7. O-O Nf6 8. Nc3 d4 9. Ne4 Nxe4 10. Bxe4 Bh3 11. Re1 Qd7 12. e3 Bb4 13. Bd2 dxe3 14. Bxb4 exf2+ 15. Kxf2 Nxb4 16. Qxd7+ Bxd7 17. Bxb7 Rb8 18. Rxe5+ Be6 19. Be4 O-O 20. a3 Nxc2 21. Bxc2 Bxb3 22. Re2 Rfc8 23. Bxb3 Rxb3 24. Rd1 g6 25. Rd7 a5 26. Ra7 Rc5 27. h4 Rcb5 28. a4 Rf5+ 29. Kg2 Rb4 30. Rd2 h5 31. Rc2 g5 32. hxg5 Rxg5 33. Rf2 h4 34. Rfxf7 Rxb2+ 35. Kg1 Rxg3+ 36. Kh1 Rh3+ 37. Kg1 Rg3+ 38. Kh1 Rh3+ 39. Kg1 Ra3 40. Rg7+ Kf8 41. Raf7+ Ke8 42. Re7+ Kd8 43. Rd7+ Kc8 44. Rc7+ Kb8 45. Rcf7 Rb1+ 46. Kg2 Rb2+ 47. Kg1 Ra1+ 48. Rf1 Rxf1+ 49. Kxf1 Rb4 50. Rh7 Rxa4 51. Ke2 Rb4 52. Kd2 a4 53. Kc3 Rb3+ 54. Kc2 Rb4 55. Kc3 Rg4 56. Kb2 Kc8 57. Kc3 Kd8 58. Kd3 a3 59. Kc2 Rg2+ 60. Kb1 Rh2 61. Ra7 Rh3 62. Ka2 Ke8 63. Ra8+ Kf7 64. Ra7+ Ke6 65. Ra6+ Kf5 66. Ra5+ Kg4 67. Ra4+ Kg3 68. Kxa3 Rh1 69. Kb2 Rf1 70. Ra8 Rf3 71. Kc2 h3 72. Rg8+ Kf2 73. Kd2 h2 74. Rh8 Kg2 75. Ke2 Rg3 0-1

[Event "Ports Lge"]
[Site "?"]
[Date "1985.??.??"]
[Round "?"]
[White "Brameld, Arthur F"]
[Black "Golding, Harold"]
[Result "1-0"]
[WhiteElo "2220"]
[BlackElo "2840"]
[PlyCount "77"]
[EventDate "1985.??.??"]
[EventType "swiss"]

1. e4 d6 2. d4 Nf6 3. Nc3 g6 4. f4 e5 5. dxe5 dxe5 6. Qxd8+ Kxd8 7. fxe5 Ng4 8. Bg5+ Be7 9. Rd1+ Bd7 10. Bxe7+ Kxe7 11. Nd5+ Kd8 12. Nf3 Re8 13. Be2 Nxe5 14. Nxe5 Rxe5 15. O-O f5 16. Rd2 c6 17. Nf6 Ke7 18. Nxh7 Be6 19. exf5 gxf5 20. Ng5 Nd7 21. Nxe6 Kxe6 22. Bc4+ Ke7 23. Re2 Kf6 24. g4 Rxe2 25. Rxf5+ Ke7 26. Bxe2 Rg8 27. h3 Rh8 28. Kg2 Kd6 29. Rf7 Re8 30. Bf3 Re5 31. b3 Ke6 32. Rh7 a5 33. h4 Rc5 34. Be4 Ne5 35. Bf5+ Kd5 36. c4+ Kd4 37. Rxb7 Kc3 38. h5 Kb2 39. h6 1-0